[Event "TCh-CHN"]
[Site "Shenzhan CHN"]
[Date "2010.06.07"]
[Round "4"]
[White "Pham Le Thao Nguyen"]
[Black "Wang Yu A"]
[Result "1/2-1/2"]
[WhiteElo "2338"]
[BlackElo "2335"]

1.Nf3 d5 2.d4 Nf6 3.c4 c6 4.e3 e6 5.Nc3 Nbd7 6.Qc2 Bd6 7.g4 Bb4 8.h3 Qe7
9.Bd2 e5 10.cxd5 Nxd5 11.Nxd5 cxd5 12.dxe5 Nxe5 13.Nxe5 Bxd2+ 14.Qxd2 Qxe5
15.Bb5+ Kf8 16.Rd1 h5 17.Qxd5 Qxd5 18.Rxd5 Be6 19.Rxh5 Rxh5 20.gxh5 Bxa2
21.Rg1 Rc8 22.Kd2 Be6 23.Rg3 Rd8+ 24.Kc3 Rc8+ 25.Kd2 Rd8+ 26.Kc3 Rc8+ 27.Kd2 Rd8+
28.Kc3  1/2-1/2

[Event "FSIMA June"]
[Site "Budapest HUN"]
[Date "2010.06.08"]
[Round "4"]
[White "Szeberenyi,A"]
[Black "Kahn,E"]
[Result "1/2-1/2"]
[WhiteElo "2308"]
[BlackElo "2247"]

1.d4 d5 2.c4 c6 3.Nc3 Nf6 4.Nf3 e6 5.e3 Nbd7 6.Qc2 Bd6 7.Bd3 O-O 8.O-O a6
9.a4 Re8 10.e4 dxc4 11.Bxc4 e5 12.Qb3 Qe7 13.Ng5 Rf8 14.d5 Nc5 15.Qc2  1/2-1/2

[Event "3rd Mayor's Cup"]
[Site "Mumbai IND"]
[Date "2010.06.08"]
[Round "9"]
[White "Pogorelov,R"]
[Black "Sundararajan,K"]
[Result "1-0"]
[WhiteElo "2454"]
[BlackElo "2520"]

1.Nf3 Nf6 2.c4 e6 3.Nc3 d5 4.d4 c6 5.e3 Nbd7 6.Qc2 Bd6 7.b3 O-O 8.Bb2 e5
9.cxd5 cxd5 10.dxe5 Nxe5 11.Be2 Nxf3+ 12.Bxf3 d4 13.exd4 Re8+ 14.Kf1 Qa5
15.Qd1 Bf5 16.g4 Bg6 17.a3 Rac8 18.b4 Bxb4 19.axb4 Qxb4 20.Qd2 Red8 21.d5 b5
22.h3 Rc4 23.Rd1 Qb3 24.Rc1 Rdc8 25.Kg2 h5 26.g5 Nd7 27.Ne4 Rd8 28.Rxc4 Qxc4
29.Rc1 Qa4 30.Qc3 f6 31.Qc7 Re8 32.Qxd7 Rxe4 33.Rc7  1-0

[Event "TCh-CHN"]
[Site "Shenzhan CHN"]
[Date "2010.06.08"]
[Round "5"]
[White "Liu Qingnan"]
[Black "Yu Lie"]
[Result "1/2-1/2"]
[WhiteElo "2445"]
[BlackElo "2407"]

1.Nf3 d5 2.d4 Nf6 3.c4 c6 4.e3 e6 5.Nc3 Nbd7 6.Qc2 Bd6 7.b3 O-O 8.Be2 e5
9.cxd5 cxd5 10.Nb5 Bb4+ 11.Bd2 Bxd2+ 12.Nxd2 a6 13.dxe5 Nxe5 14.Nd4 Bg4 15.f3 Be6
16.O-O Rc8 17.Qb2 Qb6 18.Rac1 Nc6 19.Bd3 Nd7 20.f4 Nxd4 21.Qxd4 Qxd4 22.exd4 Nb8
23.Nf3 Rxc1 24.Rxc1 Rc8 25.Re1 Nc6 26.f5 Bd7 27.Ne5 Be8 28.Nxc6 Bxc6 29.Kf2 f6
30.Re6 Kf7 31.h4 Re8 32.Bxa6 Ra8 33.Bd3 Rxa2+ 34.Re2 Ra1 35.Rc2 Ke7 36.Re2+ Kd6
37.Re6+ Kd7 38.Re3 Ra2+ 39.Kf3 Rb2 40.Bf1 Rd2 41.Rd3 Rc2 42.Re3 Rd2 43.Rd3 Rc2
44.Re3 Rd2 45.Rd3  1/2-1/2

[Event "TCh-CHN"]
[Site "Shenzhan CHN"]
[Date "2010.06.08"]
[Round "5"]
[White "Zhou Weiqi"]
[Black "Yu Ruiyuan"]
[Result "0-1"]
[WhiteElo "2584"]
[BlackElo "2309"]

1.d4 d5 2.c4 c6 3.Nc3 Nf6 4.e3 e6 5.Nf3 Nbd7 6.Qc2 Bd6 7.Bd3 O-O 8.O-O dxc4
9.Bxc4 Qe7 10.h3 c5 11.Rd1 b6 12.dxc5 Bxc5 13.e4 Bd6 14.Bb5 Ne5 15.Nd4 a6
16.Be2 Bb7 17.Be3 Bc5 18.f4 Nc6 19.Bf3 Rfd8 20.Qf2 Nxd4 21.Bxd4 Rxd4 22.Rxd4 Rd8
23.Rad1 Ra8 24.Ra1 Rd8 25.Rad1 Rxd4 26.Rxd4 e5 27.fxe5 Qxe5 28.Ne2 Bxd4 29.Qxd4 Qxd4+
30.Nxd4 Nxe4 31.b4 Kf8 32.a4 Ke7 33.Nf5+ Kf6 34.Ne3 b5 35.axb5 axb5 36.g4 Ke5
37.Nf5 g6 38.Nh6 Bd5 39.h4 f5 40.Kg2 Kf4 41.h5 Kg5 42.hxg6 hxg6 43.gxf5 gxf5
44.Nxf5 Kxf5 45.Kg1 Kf4 46.Bh5 Nf6 47.Be2 Bc4 48.Bd1 Ke3 49.Kh2 Kd2  0-1

[Event "3rd Mayor's Cup"]
[Site "Mumbai IND"]
[Date "2010.06.09"]
[Round "10"]
[White "Thejkumar,M"]
[Black "Shreyansh,D"]
[Result "1/2-1/2"]
[WhiteElo "2439"]
[BlackElo "2287"]

1.d4 d5 2.c4 c6 3.Nc3 Nf6 4.e3 e6 5.Nf3 Nbd7 6.Qc2 Bd6 7.Bd3 O-O 8.O-O dxc4
9.Bxc4 b5 10.Bd3 Bb7 11.a3 a6 12.b4 a5 13.Rb1 axb4 14.axb4 Qe7 15.e4 e5 16.Ne2 Bxb4
17.Ng3 g6 18.dxe5 Ng4 19.Bg5 Qc5 20.e6 Nde5 21.Nxe5 Nxe5 22.Bf6 Ng4 23.e5 Nxf6
24.exf6 fxe6 25.Qb3 Rad8 26.Qxe6+ Rf7 27.Ne4 Qd5 28.Qxd5 Rxd5 29.Bc2 c5 30.Bb3 c4
31.Bxc4 bxc4 32.Rxb4 c3 33.Nxc3 Rc5 34.Na4 Ra5 35.Rd1 Rxf6 36.Rxb7 Rxa4 37.h3 Rf7
38.Rxf7 Kxf7 39.Rd7+ Kg8 40.Kh2 Ra3 41.g4 h6 42.Kg2 Rb3 43.f3 Ra3 44.Kg3 Ra4
45.h4 Rb4 46.Re7 Ra4 47.Re4 Ra3 48.Kf4 Kf7 49.Rb4 Ra7 50.Rb5 Kg7 51.Ke4 Kf7
52.f4 Re7+ 53.Re5 Ra7 54.Rd5 Re7+ 55.Kf3 Ra7 56.h5 gxh5 57.Rxh5 Ra3+ 58.Kf2 Kg6
59.Re5 Kf6 60.Re3 Ra2+ 61.Kf3 Ra1 62.Kg3 Rg1+ 63.Kh4 Rf1 64.f5 Rh1+ 65.Kg3 Rg1+
66.Kf3 h5 67.Re6+ Kf7 68.gxh5 Rg5 69.Kf4 Rxh5 70.Ke5  1/2-1/2

[Event "9th TCh-BIH Premier"]
[Site "Bihac BIH"]
[Date "2010.06.10"]
[Round "6"]
[White "Sadikovic,J"]
[Black "Abdic,A"]
[Result "1/2-1/2"]
[WhiteElo "2100"]
[BlackElo "2177"]

1.d4 d5 2.c4 c6 3.Nf3 Nf6 4.Nc3 e6 5.e3 Nbd7 6.Bd3 dxc4 7.Bxc4 b5 8.Bd3 a6
9.O-O c5 10.a3 Bb7 11.Qe2 Bd6 12.Rd1 O-O 13.Bc2 Qc7 14.h3 Rfd8 15.dxc5 Nxc5
16.b4 Nce4 17.Nxe4 Nxe4 18.Bxe4 Bxe4 19.Bb2 Qb7 20.Rac1 Be7 21.Nd2 Bd3 22.Qg4 Bg6
23.Nf3 Rxd1+ 24.Rxd1 Rd8 25.Rxd8+ Bxd8 26.Qd4 Bf6 27.Qd2 Be7 28.Qc3 Bf6 29.Qd2  1/2-1/2

[Event "FSIMA June"]
[Site "Budapest HUN"]
[Date "2010.06.10"]
[Round "6"]
[White "Szeberenyi,A"]
[Black "Kett,T"]
[Result "1-0"]
[WhiteElo "2308"]
[BlackElo "2223"]

1.d4 Nf6 2.c4 e6 3.Nf3 d5 4.Nc3 c6 5.e3 Nbd7 6.Qc2 Bd6 7.Bd3 O-O 8.O-O dxc4
9.Bxc4 b5 10.Be2 Bb7 11.Rd1 Qc7 12.e4 e5 13.g3 Rfe8 14.a3 exd4 15.Nxd4 a6
16.Nf5 Be5 17.Be3 g6 18.Nh6+ Kg7 19.f4 Bxc3 20.Qxc3 Kxh6 21.Rxd7 Qxd7 22.Qxf6 Rxe4
23.g4  1-0

[Event "9th TCh-BIH Premier"]
[Site "Bihac BIH"]
[Date "2010.06.11"]
[Round "7"]
[White "Kozul,Z"]
[Black "Savic,Miod1"]
[Result "1-0"]
[WhiteElo "2579"]
[BlackElo "2529"]

1.d4 d5 2.c4 c6 3.Nc3 Nf6 4.e3 e6 5.Nf3 Nbd7 6.Bd3 dxc4 7.Bxc4 b5 8.Bd3 b4
9.Ne4 Nxe4 10.Bxe4 Bb7 11.Qa4 Qb6 12.O-O Bd6 13.Bd2 O-O 14.Rfc1 Rfc8 15.Be1 Nf6
16.Nd2 Qc7 17.h3 a5 18.Bf3 Bf8 19.a3 Nd7 20.Qd1 Qb8 21.Nc4 c5 22.axb4 Bxf3
23.Qxf3 axb4 24.Rxa8 Qxa8 25.Qxa8 Rxa8 26.Kf1 cxd4 27.exd4 Rc8 28.Bd2 g6
29.Ke2 Nf6 30.Ne5 Rxc1 31.Bxc1 Nd5 32.Kd3 f6 33.Nd7 Bd6 34.Bd2 Kf7 35.Nc5 Bf4
36.Be1 Bc1 37.Kc2 Bh6 38.Nd3 Bg7 39.Bxb4 e5 40.dxe5 fxe5 41.Bd2 Ke6 42.Nc5+ Kd6
43.Ne4+ Kc6 44.Kd3 h6 45.Be3 Nc7 46.Kc4 Nb5 47.Bc5 h5 48.Bb4 Nc7 49.Ba5 Ne6
50.g3 Bf8 51.Bc3 Bg7 52.b4 Nc7 53.f4 Nb5 54.Bb2 h4 55.g4 Bh6 56.Bxe5 Na3+
57.Kb3 Nb5 58.Nc3 Nxc3 59.Kxc3 Kd5 60.Bc7 Kc6 61.Bb8 Kd5 62.Kb3 Bg7 63.b5 Bd4
64.Bc7 Be3 65.b6 Kc6 66.Kc4 Bc1 67.Kd3 Bb2 68.Ke4 Bc3 69.g5  1-0

[Event "45th Capablanca Mem Open"]
[Site "Havana CUB"]
[Date "2010.06.11"]
[Round "2"]
[White "Vera Gonzalez Quevedo,R"]
[Black "Cabrera Trujillo,J"]
[Result "1/2-1/2"]
[WhiteElo "2515"]
[BlackElo "2361"]

1.d4 d5 2.c4 c6 3.Nf3 Nf6 4.Nc3 e6 5.e3 Nbd7 6.Bd3 dxc4 7.Bxc4 b5 8.Bd3 Bd6
9.Ng5 Bb7 10.Qf3 h6 11.Nge4 Nxe4 12.Nxe4 Be7 13.O-O O-O 14.Qg3 Qb6 15.Rd1 c5
16.dxc5 Nxc5 17.Nxc5 Qxc5 18.b4 Qxb4 19.Rb1 Qh4 20.Qxh4 Bxh4 21.Rxb5 Ba6
22.Rb4 Rfd8 23.Rxh4 Rxd3 24.Rxd3 Bxd3 25.Rd4 Rc8 26.Bd2 Bc4  1/2-1/2

[Event "National Open"]
[Site "Las Vegas USA"]
[Date "2010.06.11"]
[Round "2"]
[White "Feinstein,M"]
[Black "Krishnan,V"]
[Result "1/2-1/2"]
[WhiteElo "2267"]
[BlackElo "2069"]

1.d4 d5 2.c4 e6 3.Nc3 c6 4.e3 Nf6 5.Nf3 Nbd7 6.Qc2 Bd6 7.Be2 dxc4 8.Bxc4 b5
9.Bd3 Bb7 10.O-O O-O 11.Ne4 Nxe4 12.Bxe4 Nf6 13.Bd3 h6 14.e4 Nd7 15.e5 Be7
16.Be4 Qc7 17.Be3 Rac8 18.Rac1 c5 19.Bxb7  1/2-1/2

[Event "FSIMA June"]
[Site "Budapest HUN"]
[Date "2010.06.12"]
[Round "8"]
[White "Szeberenyi,A"]
[Black "Antipov,M2"]
[Result "1/2-1/2"]
[WhiteElo "2308"]
[BlackElo "2237"]

1.d4 Nf6 2.c4 c6 3.Nc3 d5 4.e3 e6 5.Nf3 Nbd7 6.Qc2 Bd6 7.Bd3 O-O 8.O-O dxc4
9.Bxc4 a6 10.e4 e5 11.Rd1 Qc7 12.g3 b5 13.Bf1 c5 14.dxe5 Nxe5 15.Nxe5 Bxe5
16.Bg2 Bb7 17.Bg5 h6 18.Bxf6 Bxf6 19.Nd5 Bxd5 20.Rxd5  1/2-1/2

[Event "45th Capablanca Mem Open"]
[Site "Havana CUB"]
[Date "2010.06.12"]
[Round "3"]
[White "Miranda Llanes,Y"]
[Black "Diaz Hernandez,H"]
[Result "1/2-1/2"]
[WhiteElo "2170"]
[BlackElo "2335"]

1.d4 d5 2.c4 c6 3.Nc3 Nf6 4.Nf3 e6 5.e3 Nbd7 6.Qc2 Bd6 7.b3 e5 8.cxd5 cxd5
9.dxe5 Nxe5 10.Nd4 O-O 11.Be2 Nc6 12.Nf3 Bg4 13.O-O Rc8 14.Bb2 Ne5 15.Qd1 Nxf3+
16.Bxf3 Bxf3 17.Qxf3 Be5 18.Rac1 Ne4 19.Nxe4 Bxb2 20.Rxc8 Qxc8 21.Nd6 Qd7
22.Nf5 g6 23.Nd4 Bxd4 24.exd4 Rc8 25.Re1 Rc2 26.h4 Rxa2 27.Re5 Ra6 28.Rxd5 Rd6
29.Rxd6 Qxd6 30.Qxb7 Qxd4 31.g3 h5  1/2-1/2

[Event "11th Karpov"]
[Site "Poikovsky RUS"]
[Date "2010.06.12"]
[Round "10"]
[White "Onischuk,Al"]
[Black "Jakovenko,D"]
[Result "1-0"]
[WhiteElo "2699"]
[BlackElo "2725"]

1.d4 d5 2.c4 c6 3.Nc3 Nf6 4.e3 e6 5.Nf3 a6 6.Qc2 c5 7.cxd5 exd5 8.Be2 Be6
9.dxc5 Bxc5 10.Nd4 Nc6 11.Nxc6 bxc6 12.O-O Bd6 13.b3 Qc7 14.h3 O-O 15.Bb2 c5
16.Rac1 Qe7 17.Rfd1 Rfd8 18.Na4 Ne4 19.Bd3 f5 20.Bxe4 fxe4 21.Nxc5 Rac8 22.b4 a5
23.Qd2 axb4 24.Nxe6 Qxe6 25.Rxc8 Rxc8 26.Qxd5 Qxd5 27.Rxd5 Bf8 28.Ra5 h5
29.Rxh5 Rc2 30.Bd4 Rxa2 31.Rb5 Rc2 32.g4 Be7 33.g5 Kh7 34.h4 Kg6 35.Kg2 Kh5
36.Bxg7 Bc5 37.Kg3 b3 38.Be5  1-0

[Event "Open"]
[Site "Teplice CZE"]
[Date "2010.06.12"]
[Round "1"]
[White "Zahour,Ivan"]
[Black "Hellinger,Jan"]
[Result "1-0"]
[WhiteElo "2036"]
[BlackElo "1625"]

1.d4 d5 2.c4 e6 3.Nf3 Nf6 4.Nc3 c6 5.e3 Nbd7 6.Qc2 g6 7.b3 Bg7 8.Bb2 O-O
9.Bd3 Re8 10.O-O Qc7 11.Rac1 Qd8 12.Rfd1 Nb8 13.a3 Nbd7 14.h3 Bf8 15.Ne5 Bg7
16.f4 Nh5 17.g4 Ng3 18.Qg2 Qh4 19.Nf3  1-0

[Event "14th FIDE Open"]
[Site "Voronezh RUS"]
[Date "2010.06.12"]
[Round "1"]
[White "Kiselev,Maxim"]
[Black "Afanaskin,P"]
[Result "0-1"]
[WhiteElo "2160"]
[BlackElo "1924"]

1.d4 d5 2.Nf3 Nf6 3.c4 e6 4.Nc3 c6 5.e3 Nbd7 6.Qc2 Bd6 7.g4 Qe7 8.g5 Nh5
9.e4 dxe4 10.Nxe4 O-O 11.Nxd6 Qxd6 12.Bd3 g6 13.Be3 b5 14.c5 Qe7 15.O-O-O e5
16.Kb1 Re8 17.dxe5 Nxe5 18.Nxe5 Qxe5 19.Rhe1 Bg4 20.Rc1 Rad8 21.Bd2 Qd5 22.Rxe8+ Rxe8
23.Be3 Ng7 24.Ka1 Bf5 25.Bxf5 Nxf5 26.Bf4 Re4 27.Rd1 Nd4  0-1

[Event "9th TCh-BIH Premier"]
[Site "Bihac BIH"]
[Date "2010.06.13"]
[Round "9"]
[White "Kozul,Z"]
[Black "Predojevic,B"]
[Result "1-0"]
[WhiteElo "2579"]
[BlackElo "2628"]

1.d4 d5 2.c4 c6 3.e3 Nf6 4.Nc3 e6 5.Nf3 Nbd7 6.Qc2 Bd6 7.b3 O-O 8.Bb2 e5
9.cxd5 cxd5 10.Nb5 Bb4+ 11.Bc3 Bxc3+ 12.Qxc3 e4 13.Nd2 Nb6 14.Qa5 a6 15.Nc3 Be6
16.Rc1 Rc8 17.Be2 Rc6 18.h3 Qc7 19.Ndb1 Rc8 20.O-O Ne8 21.Rfd1 Nd6 22.Bf1 Nd7
23.Qa3 g5 24.Ne2 Qd8 25.Rxc6 Rxc6 26.Rc1 Qc7 27.Rxc6 Qxc6 28.Nbc3 f5 29.Qa5 Qb6
30.Qxb6 Nxb6 31.h4 h6 32.hxg5 hxg5 33.f4 g4 34.Kf2 Kf7 35.Nc1 a5 36.a3 Nd7
37.b4 axb4 38.axb4 b6 39.N1a2 Nb8 40.b5 Nd7 41.Nb4 Nf6 42.Kg3 Nfe8 43.Ncxd5 Bxd5
44.Nxd5 Nc8 45.Bc4 Kg6 46.Nc3 Nc7 47.Bd5 Nd6 48.Bc6 Kf6 49.Kf2 Ke7 50.Ke2 Nc4
51.Kf2 Kd6 52.Ne2 Ke6 53.d5+ Ke7 54.Nd4 Kf6 55.g3 Nd6 56.Ke1 Nce8 57.Bxe8 Nxe8
58.Kd2 Nd6 59.Kc3 Ke7 60.Kb4 Kd7 61.Nc6 Ne8 62.Ne5+ Kc7 63.Nc4 Nf6 64.d6+ Kb7
65.Kc3 Nh5 66.Kd4 Nxg3 67.Ke5 Ne2 68.Ke6 Nc3 69.Ne5 Na4 70.Kxf5 g3 71.Kxe4 g2
72.Nf3 Kc8 73.Ng1  1-0

[Event "9th TCh-BIH Premier"]
[Site "Bihac BIH"]
[Date "2010.06.13"]
[Round "9"]
[White "Terzic,S"]
[Black "Pestek,E"]
[Result "1-0"]
[WhiteElo "2243"]
[BlackElo "1985"]

1.d4 d5 2.c4 e6 3.Nc3 Nf6 4.Nf3 c6 5.e3 Bd6 6.Bd3 Nbd7 7.O-O O-O 8.Qc2 a6
9.a4 Re8 10.e4 dxe4 11.Nxe4 Nxe4 12.Bxe4 h6 13.Rd1 Nf6 14.Bd3 Qc7 15.c5 Bf4
16.Bxf4 Qxf4 17.Ne5 Nd5 18.Bh7+ Kf8 19.Bg6 Re7 20.Bxf7 Qg5 21.h4 Qf6 22.Bh5 Nf4
23.Bg4 Kg8 24.g3 h5 25.Bf3 Nd5 26.Bxh5 Bd7 27.Bg6 Be8 28.Ra3 Bxg6 29.Nxg6 Rf7
30.Ne5 Rc7 31.Rf3 Qh6 32.Qe4 Nf6 33.Qe2 Re7 34.b4 Rf8 35.b5 axb5 36.axb5 cxb5
37.Qxb5 Ra8 38.Qb2 Qh7 39.Qb1 Qh5 40.Kg2 Ra6 41.Rd2 Nd7 42.Ng6 Re8 43.Nf4 Qf7
44.Qxb7  1-0

[Event "FSGM June"]
[Site "Budapest HUN"]
[Date "2010.06.13"]
[Round "9"]
[White "Toth,E"]
[Black "Mihok,O"]
[Result "0-1"]
[WhiteElo "2360"]
[BlackElo "2425"]

1.d4 d5 2.c4 c6 3.Nc3 Nf6 4.e3 e6 5.Nf3 Nbd7 6.Qc2 Bd6 7.g4 h6 8.Bd2 dxc4
9.Bxc4 b5 10.Bd3 Bb7 11.Rg1 a6 12.g5 hxg5 13.Nxg5 Qe7 14.Nge4 Rxh2 15.Rxg7 Rh1+
16.Bf1 Kf8 17.Nxd6 Qxd6 18.Rg5 c5 19.dxc5 Nxc5 20.O-O-O Rc8 21.Be1 Qe7 22.Bg2 Bxg2
23.Rxg2 b4 24.Kb1 bxc3 25.Bxc3 Rxd1+ 26.Qxd1 Nce4 27.Be5 Qc5 28.Bd4 Qf5 29.Ka1 Qf3
30.Rg1 Qxd1+ 31.Rxd1 Nxf2 32.Rf1 N6e4 33.a4 Ke7 34.Ka2 Kd6 35.Ka3 e5 36.Bb6 Rc2
37.Kb3 Re2 38.Rg1 Nd3 39.Rd1 Rxb2+ 40.Kc4 Nf2  0-1

[Event "45th Capablanca Mem Open"]
[Site "Havana CUB"]
[Date "2010.06.13"]
[Round "4"]
[White "Vera Gonzalez Quevedo,R"]
[Black "Leyva Rivera,Y"]
[Result "1/2-1/2"]
[WhiteElo "2515"]
[BlackElo "2384"]

1.d4 d5 2.c4 c6 3.Nc3 Nf6 4.e3 e6 5.Nf3 Nbd7 6.Bd3 dxc4 7.Bxc4 b5 8.Bb3 b4
9.Ne2 Ba6 10.O-O Rc8 11.Re1 Be7 12.Nf4 Nd5 13.Nd3 N5b6 14.e4 c5 15.dxc5 Nxc5
16.Nxc5 Bxc5 17.Qxd8+ Kxd8 18.Bg5+ Ke8 19.Rac1 h6 20.Bd2 Bb5 21.a3  1/2-1/2

[Event "45th Capablanca Mem Open"]
[Site "Havana CUB"]
[Date "2010.06.13"]
[Round "4"]
[White "Romero Nunez,Wendy"]
[Black "Hernandez Moya,Y"]
[Result "0-1"]
[WhiteElo "2125"]
[BlackElo "2181"]

1.d4 d5 2.c4 c6 3.e3 Nf6 4.Nc3 e6 5.Nf3 Bd6 6.Qc2 Nbd7 7.b3 O-O 8.Be2 e5
9.Bb2 e4 10.Nd2 Re8 11.g4 h6 12.h4 Nf8 13.g5 hxg5 14.hxg5 Ng4 15.Rg1 Qxg5
16.O-O-O Nh7 17.Kb1 Nhf6 18.Rg2 Be6 19.Rdg1 Bf8 20.Qd1 g6 21.Bxg4 Nxg4 22.Rxg4 Bxg4
23.Qxg4 Qxg4 24.Rxg4 Rad8 25.a3 Bh6 26.b4 Kg7 27.Rg1 f5 28.Ne2 Kf6 29.Bc1 Rh8
30.cxd5 cxd5 31.Nb3 b6 32.b5 Bg5 33.Rg2 Rh1 34.Kb2 Bh4 35.Bd2 Rf1 36.Ng3 Bxg3
37.fxg3 Kg5 38.Bb4 Rd7 39.Nd2 Rh1 40.a4 Kg4 41.Bf8 Kh3 42.Re2 Kxg3 43.Kc2 g5
44.Nb3 f4 45.exf4 gxf4 46.Bb4 f3 47.Be1+ Rxe1 48.Rxe1 f2 49.Rb1 Kg2 50.Nd2 e3
51.Nf1 e2 52.Ne3+ Kf3  0-1

[Event "Open"]
[Site "Teplice CZE"]
[Date "2010.06.13"]
[Round "2"]
[White "Horyna,J"]
[Black "Maly,Jiri"]
[Result "1-0"]
[WhiteElo "1914"]
[BlackElo "1720"]

1.d4 d5 2.Nf3 Nf6 3.c4 e6 4.Nc3 c6 5.e3 Be7 6.Bd3 Nbd7 7.O-O O-O 8.b3 b6
9.Bb2 Bb7 10.Rc1 Rc8 11.Qe2 Re8 12.Ne5 Nxe5 13.dxe5 Nd7 14.f4 f5 15.cxd5 cxd5
16.Nb5 Nc5 17.Nd4 Bf8 18.Bb5 Re7 19.b4 a6 20.bxc5 axb5 21.cxb6 Qxb6 22.Qxb5 Qxb5
23.Nxb5 Rd7 24.Rxc8 Bxc8 25.Rc1 Ba6 26.Nd4 Bc4 27.Nxe6 Ra7 28.a3 h6 29.Ra1 Be7
30.Nd4 g6 31.Nc6 Rc7 32.Nxe7+ Rxe7 33.a4 Re6 34.a5 Kf7 35.Bd4 Rc6 36.Rb1 Ba6
37.Rb6 Rxb6 38.axb6 Ke6 39.Kf2 Kf7 40.Ke1 Ke6 41.Kd2 Kd7 42.Kc3 Bc8 43.Kb4 Kc6
44.Ka5 Bb7 45.Bc3 Bc8 46.Bb4 Kd7 47.Kb5 Bb7 48.g3 Ke6 49.Bd6 Kd7 50.Kc5 Ke6
51.Kd4 Bc6 52.Kd3 Bb5+ 53.Kd2 Bc6 54.Bf8 h5 55.Bc5 Bb7 56.Ke2 Bc6 57.Kf2 Bb7
58.Bd4 Bc8 59.Kg2 Kd7 60.h3  1-0

[Event "Open"]
[Site "Teplice CZE"]
[Date "2010.06.13"]
[Round "2"]
[White "Milfort,V"]
[Black "Ledvina,J"]
[Result "0-1"]
[WhiteElo "1656"]
[BlackElo "1893"]

1.d4 Nf6 2.Nf3 d5 3.c4 c6 4.Nc3 e6 5.e3 Nbd7 6.Be2 Bd6 7.c5 Be7 8.O-O O-O
9.Bd3 Re8 10.b4 a5 11.b5 Bf8 12.e4 e5 13.dxe5 Nxe5 14.Nxe5 Rxe5 15.Bf4 Re8
16.exd5 Nxd5 17.Nxd5 Qxd5 18.Qc2 g6 19.Be3 Be6 20.bxc6 Qxc6 21.Rab1 Red8
22.Rb6 Qd5 23.Be4 Qxa2 24.Qxa2 Bxa2 25.Rxb7 Re8 26.Bf3 Rxe3 27.fxe3 Bxc5
28.Re1 Re8 29.Kf2 a4 30.Bc6 Re5 31.Bxa4 f5 32.Rb8+ Kg7 33.Re8 Be7 34.g3 g5
35.Rd1 Bf7 36.Rb8 Bc5 37.Re1 f4 38.gxf4 gxf4 39.Rb7 Kf6 40.Kf3 Bd5+ 41.Kxf4 Bxb7
42.e4 Bd6 43.Kf3 Rh5 44.Rh1 Ra5 45.Bd7 Ra3+ 46.Kg4 Bxe4 47.Rf1+ Kg7 48.Be6 Bg6
49.Kg5 Bxh2 50.Bd5 Ra5 51.Rd1 Bf7 52.Kg4 Rxd5 53.Rc1 Be6+ 54.Kf3 Bd6 55.Rg1+ Kf6
56.Rh1 h5 57.Ke4 Re5+ 58.Kd4 Bc5+ 59.Kc3 Bf2 60.Rf1 Rf5 61.Rb1 h4 62.Rb8 Kg5
63.Re8 Rf6 64.Ra8 h3 65.Ra1 h2 66.Rh1 Bg1 67.Rxh2 Bxh2 68.Kd3 Be5 69.Ke3 Rh6
70.Ke4 Kf6 71.Kd3 Rh4 72.Ke3 Bd5 73.Kd3 Kf5 74.Ke3 Rh3+ 75.Kd2 Kf4 76.Ke2 Rh2+
77.Kd1 Ke3  0-1

[Event "4th Open"]
[Site "Varna BUL"]
[Date "2010.06.13"]
[Round "2"]
[White "Rusev,K"]
[Black "Musayev,Eldar"]
[Result "1-0"]
[WhiteElo "2553"]
[BlackElo "2195"]

1.d4 d5 2.c4 c6 3.Nc3 Nf6 4.e3 e6 5.Nf3 Be7 6.Bd3 dxc4 7.Bxc4 b5 8.Bd3 a6
9.e4 Bb7 10.e5 Nd5 11.Ne4 Nd7 12.Bg5 f6 13.exf6 gxf6 14.Bh6 Qa5+ 15.Nfd2 O-O-O
16.O-O Qb6 17.Nb3 e5 18.a4 exd4 19.axb5 axb5 20.Bd2 Nb4 21.Ng3 Ne5 22.Be4 Nc4
23.Qe1 Rd7 24.Nf5 Bd6 25.Nxd6+ Rxd6 26.Bf5+ Kc7  1-0

[Event "45th Capablanca Mem Open"]
[Site "Havana CUB"]
[Date "2010.06.14"]
[Round "5"]
[White "Juarez Flores,C"]
[Black "Vera Gonzalez Quevedo,R"]
[Result "0-1"]
[WhiteElo "2374"]
[BlackElo "2515"]

1.d4 Nf6 2.Nf3 d5 3.c4 e6 4.Nc3 c6 5.e3 Nbd7 6.b3 Bb4 7.Bd2 O-O 8.Qc2 b6
9.cxd5 exd5 10.Bd3 Re8 11.O-O Bb7 12.Ne2 Bd6 13.Ng3 Rc8 14.a4 c5 15.Qa2 Ne4
16.Rfd1 Nxd2 17.Rxd2 g6 18.Bb5 Re7 19.Rad1 Nf6 20.Bd3 Rec7 21.dxc5 bxc5 22.Qa1 Qe7
23.Rc2 Ng4 24.Bf1 h5 25.Rcd2 h4 26.Ne2 d4 27.Nexd4 cxd4 28.Qxd4 Ne5 29.Qxd6 Nxf3+
30.gxf3 Qg5+  0-1

[Event "Open"]
[Site "Teplice CZE"]
[Date "2010.06.14"]
[Round "3"]
[White "Jedlicka,A"]
[Black "Grussova,H"]
[Result "1-0"]
[WhiteElo "2293"]
[BlackElo "1957"]

1.d4 d5 2.c4 c6 3.Nf3 Nf6 4.Nc3 e6 5.e3 Nbd7 6.Qc2 dxc4 7.Bxc4 b5 8.Bd3 Bb7
9.O-O a6 10.a4 Be7 11.axb5 cxb5 12.e4 Rc8 13.Qe2 h6 14.e5 Nd5 15.Nxd5 exd5
16.e6 Nf6 17.exf7+ Kf8 18.Ne5 Bd6 19.Bf5 Bxe5 20.dxe5 Nd7 21.Bd2 Qe7 22.e6 Nb8
23.Qg4 Rc4 24.Qg3 Nc6 25.Bd3 Rh4 26.Rac1 g5 27.Rxc6 Bxc6 28.Qe5  1-0

[Event "14th Master Open"]
[Site "Voronezh RUS"]
[Date "2010.06.14"]
[Round "3"]
[White "Tunik,G"]
[Black "Nazaryev,S"]
[Result "1/2-1/2"]
[WhiteElo "2484"]
[BlackElo "2254"]

1.d4 Nf6 2.c4 c6 3.Nc3 d5 4.Nf3 e6 5.e3 Nbd7 6.Qc2 Bd6 7.Bd3 O-O 8.O-O e5
9.cxd5 cxd5 10.e4 exd4 11.Nxd5 Nxd5 12.exd5 Nf6 13.Nxd4 h6 14.Nf5 Bxf5 15.Bxf5 Qa5
16.Rd1 Rad8 17.a3 Nxd5 18.Bd2 Qb6 19.Be1 Ne7 20.Be4 Nc6  1/2-1/2

[Event "14th Master Open"]
[Site "Voronezh RUS"]
[Date "2010.06.14"]
[Round "3"]
[White "Gorshkov,Yury"]
[Black "Sukhareva,E"]
[Result "1-0"]
[WhiteElo "2314"]
[BlackElo "2152"]

1.d4 d5 2.c4 e6 3.Nc3 c6 4.Nf3 Nf6 5.e3 Nbd7 6.Qc2 Bd6 7.Bd3 dxc4 8.Bxc4 b5
9.Be2 a6 10.e4 e5 11.O-O O-O 12.Rd1 Qc7 13.g3 Re8 14.a3 Bb7 15.b4 Rac8 16.Be3 Qb8
17.dxe5 Nxe5 18.Nxe5 Bxe5 19.f3 h5 20.Bf1 h4 21.gxh4 Nh5 22.Rac1 Re6 23.Bh3 Rg6+
24.Bg5 Bf4 25.Kh1 Bxg5 26.hxg5 Rf8 27.Rg1 Qf4 28.Qg2 Rc8 29.Ne2 Qe3 30.Rc3 Qd2
31.Bf5 Rd6 32.g6 fxg6 33.Bxg6 Rxg6 34.Qxg6 Qxe2  1-0

[Event "Open"]
[Site "Teplice CZE"]
[Date "2010.06.15"]
[Round "4"]
[White "Cerveny,M"]
[Black "Papay,M"]
[Result "1-0"]
[WhiteElo "2350"]
[BlackElo "1937"]

1.d4 d5 2.c4 c6 3.Nf3 Nf6 4.Nc3 e6 5.e3 Nbd7 6.Bd3 dxc4 7.Bxc4 b5 8.Bd3 a6
9.e4 c5 10.e5 Nd5 11.Nxd5 exd5 12.Ng5 Be7 13.h4 h6 14.Qh5 O-O 15.Nf3 cxd4
16.Bxh6 Nc5 17.Bb1 gxh6 18.Qxh6 Ne4 19.g4 Bb4+ 20.Kf1 Re8 21.Ng5 Qc7 22.Bxe4 dxe4
23.Nxe4 Re6 24.Nf6+ Rxf6 25.exf6 Bf8 26.Qg5+ Kh7 27.Rc1 Qd6 28.Rxc8 Rxc8
29.Qf5+ Kg8 30.Qxc8 d3 31.Qf5 Qc6 32.Rg1 Qc2 33.Kg2 Qe2 34.Qf3  1-0

[Event "45th Capablanca Mem Open"]
[Site "Havana CUB"]
[Date "2010.06.17"]
[Round "7"]
[White "Ordaz Valdes,L"]
[Black "Fernandez Cardoso,A"]
[Result "1/2-1/2"]
[WhiteElo "2307"]
[BlackElo "2416"]

1.d4 d5 2.c4 c6 3.e3 Nf6 4.Nc3 e6 5.Nf3 Nbd7 6.Qc2 Bd6 7.Be2 dxc4 8.Bxc4 b5
9.Bd3 Bb7 10.O-O O-O  1/2-1/2

[Event "4th Open"]
[Site "Varna BUL"]
[Date "2010.06.17"]
[Round "6"]
[White "Komarov,Di"]
[Black "Musayev,Eldar"]
[Result "1-0"]
[WhiteElo "2521"]
[BlackElo "2195"]

1.d4 d5 2.c4 c6 3.Nc3 Nf6 4.e3 e6 5.Nf3 Nbd7 6.Qc2 Bd6 7.Bd3 O-O 8.O-O e5
9.cxd5 cxd5 10.e4 dxe4 11.Nxe4 Nxe4 12.Bxe4 h6 13.Be3 exd4 14.Bh7+ Kh8 15.Bxd4 Nf6
16.Bf5 Qa5 17.Bxc8 Raxc8 18.Qb3 Nd5 19.Rfd1 Rfd8 20.Qxb7 Rc7 21.Qb3 Rcd7
22.g3 f6 23.Nh4 Ne7 24.Bc3 Qh5 25.Qe6 Nc8 26.Rd5 Qe8 27.Qxe8+ Rxe8 28.Rad1 Rb7
29.Rxd6 Nxd6 30.Rxd6 Kg8 31.Nf5 Rb5 32.g4 h5 33.h3 hxg4 34.hxg4 Re4 35.f3  1-0

[Event "Open"]
[Site "Teplice CZE"]
[Date "2010.06.19"]
[Round "8"]
[White "Priehoda,V"]
[Black "Straka,Jos"]
[Result "1-0"]
[WhiteElo "2384"]
[BlackElo "2323"]

1.d4 d5 2.c4 c6 3.Nf3 Nf6 4.Nc3 e6 5.e3 Nbd7 6.b3 Bd6 7.Be2 O-O 8.Bb2 b6
9.O-O Bb7 10.Rc1 Rc8 11.cxd5 exd5 12.Bd3 Qe7 13.Ne2 Ne4 14.Ng3 f5 15.Qe2 g6
16.Rc2 h5 17.Rfc1 Rce8 18.Nf1 h4 19.Rxc6 Bxc6 20.Rxc6 Rf6 21.Rc2 Rf7 22.Bb5 Rd8
23.Bc6 Nb8 24.Bxd5 Bxh2+ 25.N1xh2 Rxd5 26.Ne5 Rf6 27.Rc8+ Rd8 28.Qc4+ Kf8
29.Rc7 b5 30.Qc1 Qd6 31.Ba3 b4 32.Qc4 bxa3 33.Nxg6+ Ke8 34.Qg8+ Rf8 35.Nxf8 Qxc7
36.Ne6+ Ke7 37.Qg7+ Kxe6 38.Qxc7 Kd5  1-0

[Event "14th Master Open"]
[Site "Voronezh RUS"]
[Date "2010.06.19"]
[Round "7"]
[White "Tunik,G"]
[Black "Elizarov,D"]
[Result "1/2-1/2"]
[WhiteElo "2484"]
[BlackElo "2356"]

1.d4 d5 2.c4 c6 3.Nf3 Nf6 4.Nc3 e6 5.e3 Nbd7 6.Bd3 Bd6 7.e4 dxe4 8.Nxe4 Nxe4
9.Bxe4 c5 10.O-O h6 11.b3 Nf6 12.Bc2 b6 13.Bb2 cxd4 14.Qxd4 Qe7 15.Rad1 Bc5
16.Qf4 Bb7 17.Ne5 O-O 18.Rd3 Nh5 19.Qg4 Qg5 20.Qxg5 hxg5 21.Rd7 Rab8 22.Nd3 Be4
23.Rc1 Bxd3 24.Bxd3 Rfd8 25.Rxd8+ Rxd8 26.Rd1 f5 27.Be2 Rxd1+ 28.Bxd1 Nf4
29.Bc2 g4 30.Kf1 Kf7 31.Be5 Ng6 32.Bc3 a5 33.g3 Ne7 34.Bd3 Nc6 35.Kg2 Bd4
36.Be1 g6 37.h3 gxh3+ 38.Kxh3 e5 39.f3 Ke6 40.Kg2 Bc5 41.g4 Bb4 42.gxf5+ gxf5
43.Bg3 Nd4 44.Bf2 Bc3 45.Be3 f4 46.Bf2 Bd2 47.Bxd4 exd4 48.Kf2 Kd6 49.Ke2 Be3
50.Kd1  1/2-1/2